Komunikace mezi všemi hráči na trhu je nezbytná

S jitkou Pantůčkovou, generálnou riaditeľkou Ohridskej banky v Macedónsku, v rozhovore o macedónskom bankovom sektore a práci vo vedení bankovej asociácie Európskej bankovej federácie.

Gespeichert in:
Bibliographische Detailangaben
1. Verfasser: Chuchvalcová, Jana
Format: Buchkapitel
Sprache:Tschechisch
Schlagworte:
Tags: Tag hinzufügen
Keine Tags, Fügen Sie das erste Tag hinzu!

MARC

LEADER 00000naa a2200000 4500
001 0125030
005 20231129093540.9
041 0 |a cze 
044 |a CZ 
245 1 0 |a Komunikace mezi všemi hráči na trhu je nezbytná  |c Jana Chuchvalcová 
520 |a S jitkou Pantůčkovou, generálnou riaditeľkou Ohridskej banky v Macedónsku, v rozhovore o macedónskom bankovom sektore a práci vo vedení bankovej asociácie Európskej bankovej federácie. 
610 2 0 |a banky 
610 2 0 |a banky zahraničné 
610 2 0 |a bankovníctvo 
610 2 0 |a Macedónsko 
610 2 0 |a sústava banková 
610 2 0 |a komunikácia manažérska 
610 2 0 |a služby finančné 
610 2 0 |a styk platobný 
610 2 0 |a obyvateľstvo 
610 2 0 |a spoločnosť 
100 1 |a Chuchvalcová, Jana